La tutela del incapaz ejercida por la entidad pb︢lica Estudio del artc̕ulo 239.3 del Cd̤igo Civil /

Bibliographic Details
Main Author: Legerň Molina, Antonio
Format: Book
Language:Spanish
Published: Madrid: Editorial Universitaria Ramn̤ Areces, 2012
Subjects:
Online Access:Acceso restringido

MARC

LEADER 00000nam a22000007a 4500
005 2015051802122.0
007 cr|||| ||||
008 150518s2012 es |||||r|||| 00||0 spa d
020 |a 978-84-9961-108-2 
035 |a 12702 
040 |a vLex 
090 |c 5437  |d 5437 
100 1 |a Legerň Molina, Antonio 
245 1 3 |a La tutela del incapaz ejercida por la entidad pb︢lica  |h [Recurso electrn̤ico] :  |b Estudio del artc̕ulo 239.3 del Cd̤igo Civil /  |c Antonio Legerň Molina 
256 |a Servicio en ln̕ea 
260 |a Madrid:  |b Editorial Universitaria Ramn̤ Areces,  |c 2012 
300 |a 1 recurso electrn̤ico 
500 |a El interš de el precepto sobre el que versa este libro radica en que el artc̕ulo 293.3 introduce una figura tuitiva que precisa de interpretacin̤ detenida, pues el texto de precepto no es de fc̀il comprensin̤. La prueba de ello es que los diversos agentes implicados en dicha tutela la entienden de manera diversa. El objetivo que se pretende es realizar un examen completo de la modalidad tutelar a que alude el artc̕ulo 239.3 del Cd̤igo Civil que proporcione una idea cabal de tal figura, a la vez que posibilite proponer mejoras de cara a su efectiva aplicacin̤ en la prc̀tica. 
506 1 |a Disponible solo en los productos indicados  |d vLex Global  |d vLex Global (Academic Edition, excluding Law Schools)  |d vLex Global (U.S. Academic Edition, Law Schools)  |d vLex Global (U.S. Academic Edition, excluding Law Schools)  |d vLex Global (Academic Edition, Law Schools) 
650 0 4 |a Derecho Civil  |z Espaą 
740 0 |a vLex Libros (Servicio en ln̕ea) 
856 4 0 |u http://vlex.com/source/tutela-del-incapaz-ejercida-por-la-entidad-publica-estudio-del-articulo-239-3-del-codigo-civil-12702  |z Acceso restringido 
942 |c BOOK 
999 0 |a Civil Law